• 首页
  • 本馆介绍
  • 公告通知
  • 最新文献
  • 馆藏检索
  • 电子资源
  • 读者导购
  • 参考咨询
  • 我的图书馆
  • 登录
  • 详细信息显示
  • 放入我的书架
  • 预约/预借图书
  • 作者相关作品
  • 分类相关作品
  • 丛书相关作品
  • 出版社相关作品

书目信息

  • 表格格式
  • 工作单格式
  • 卡片格式
题名:
娶个外国女人做太太
    
 
作者: 武力 著
分册:  
出版信息: 天津   天津人民出版社  1993.3
页数: 356页
开本: 20cm
丛书名:
单 册:
中图分类: I25
科图分类: 44.6528
主题词: 报告文学--中国--现代--选集
电子资源:
ISBN: 7-201-01400-5
000 00897nam0 2200277 45
001 0193020851
005 20070720183000.78
010    @a7-201-01400-5@dCNY8.80
100    @a19800101d1993 em y0chiy0121 ea
101 0  @achi
102    @aCN@b120000
105    @af z 000zy
200 10 @a娶个外国女人做太太@AQU GE WAI GUO NV REN ZUO TAI TAI@f武 力著@FWU LI ZHU
210    @a天津@c天津人民出版社@d1993.3
215    @a356页@c彩照@d20cm
300    @a旅澳中国留学生口述纪实
300    @a英文题名:He married a foreign woman
314    @a武 力,天津人,澳大利亚CAK国际交流有限公司董事长,澳大利亚《华声日报》副总编辑
510 1  @aHe married a foreign woman@zeng
540 1  @a外国女人 太太@AWAI GUO NV REN TAI TAI
606    @a报告文学@y中国@z现代@x选集
690    @aI25@v三版
692    @a44.6528
701  0 @a武力@AWU LI@4著
801  0 @aCN@bTSSF@c20070720
905    @a10447@dI25@e547
    
    娶个外国女人做太太/武 力著.-天津:天津人民出版社,1993.3
    356页:彩照;20cm
    旅澳中国留学生口述纪实.-英文题名:He married a foreign woman
    
    ISBN 7-201-01400-5:CNY8.80
    
●
相关链接 在E读中查询图书 在五车中查询图书 在当当中查询图书 在豆瓣中查询图书


正题名:娶个外国女人做太太     索取号:I25/547         预约/预借

序号 登录号 条形码 馆藏地/架位号 状态 备注
1 0429258   204292586   密集书库/ [索取号:I25/547] 在馆    
2 0769078   207690783   密集书库/ [索取号:I25/547] 在馆    
唐山师范学院图书馆 欢迎您!
大连网信软件有限公司© 版权所有